000 00695cam a2200229 a 4500
001 000005288
005 20200929151631.0
008 950614s1994 sp a 001 1 spa
020 _a8437612632
040 _aDO-SdBNP
_cDLC
082 _a863.64
_bB465s
100 1 _aBenet, Juan,
_d1927-1993
_915054
245 1 0 _aSaúl ante Samuel /
_cJuan Benet ; edición, John B. Margenot III.
260 _aMadrid :
_bCátedra,
_c1994.
300 _a483 p. :
_bil. ;
_c18 cm.
440 0 _aLetras hispánicas ;
_v380
_94208
650 4 _aNovela española
_91123
650 4 _aLiteratura española
_9632
700 1 _aMargenot, John B,
_eed.
_915055
910 _aCatalogación por copia / LC
910 _aWM
999 _c5089
_d5089